All States With At Least One Bojangles - Statistics

General Stats
  • This quiz has been taken 13 times
  • The average score is 24 of 25
Answers on the Map
Answers color-coded by a green-red scale on the quiz's map according to % correct below.
 
Answer Stats
Hint Answer % Correct
Alabama
100%
Arizona (Gilbert)
100%
Arkansas
100%
Colorado (Pueblo)
100%
Florida
100%
Georgia
100%
Illinois
100%
Kentucky
100%
Louisiana
100%
Maryland
100%
Michigan (Wyoming)
100%
Mississippi
100%
Nevada
100%
New Jersey
100%
New York (Brooklyn)
100%
North Carolina
100%
Oklahoma (Oklahoma City)
100%
Pennsylvania
100%
South Carolina
100%
Tennessee
100%
Texas
100%
Virginia
100%
Ohio
91%
West Virginia (Princeton)
91%
Roatán (Coxen Hole)(yes that's the real name)
45%
No matching quizzes found
Score Distribution
Percent of People with Each Score
Percentile by Number Answered
Your Score History
You have not taken this quiz